Rom bei prudentius : dichtung und weltanschauung in "contra orationem symmachi" /

Guardado en:
Autor Principal: Krollpfeifer, Lydia
Formato: Libro
Publicado: Göttingen : Ruprecht, 2017
Materias:
Etiquetas: Agregar Etiqueta
Sin Etiquetas, Sea el primero en etiquetar este registro!
LEADER 00652nam a22001935a 4500
001 EHU.bham045172
003 AR-BHAM
005 20180509112536.0
008 130507s2017##################000#0#####d
020 |a 9783846902707 
082 8 7 |a 871.07 
100 1 |a Krollpfeifer, Lydia 
245 1 0 |a Rom bei prudentius :  |b dichtung und weltanschauung in "contra orationem symmachi" /  |c  Lydia Krollpfeifer 
260 |a Göttingen :  |b Ruprecht,  |c 2017 
300 |a 387 p. 
600 1 4 |a Prudencio Clemente, Aurelio 
653 |a Literatura latina-estudios sobre 
653 |a Poesía latina-estudios sobre 
859 |a AR-BHAM  |b BIB. HUMANIDADES - General  |h 871.07  |i K919  |p 93.18  |t Ej.1